• 首页
  • 本馆介绍
  • 公告通知
  • 最新文献
  • 馆藏检索
  • 电子资源
  • 读者导购
  • 参考咨询
  • 我的图书馆
  • 登录
  • 详细信息显示
  • 放入我的书架
  • 预约/预借图书
  • 作者相关作品
  • 分类相关作品
  • 丛书相关作品
  • 出版社相关作品

书目信息

  • 表格格式
  • 工作单格式
  • 卡片格式
题名:
总统制造
    
 
作者: 张程 , 乔晞华 著
分册:  
出版信息: 北京   人民日报出版社  2014
页数: 227页
开本: 21cm
丛书名:
单 册:
中图分类: D771.224
科图分类:
主题词: 总统--选举--美国
电子资源:
ISBN: 978-7-5115-2124-8
000 01017nam0 22002651 450
001 339917
005 20150605085937.15
010    @a978-7-5115-2124-8@dCNY28.00
100    @a20140727d2014 em y0chiy0110 ea
101 0  @achi
102    @aCN@b110000
105    @aa z 000yy
106    @ar
200 1  @a总统制造@Azong tong zhi zao@e留美博士眼中的美国大选@d= Presidents thus made@eelections in America@f张程, 乔晞华著@zeng
210    @a北京@c人民日报出版社@d2014
215    @a227页@c图@d21cm
330    @a本书作者张程、乔晞华以美国普通选民的经历讲述2012年美国大选, 以历史的眼光记述围绕选举的斗争, 以专家的视角介绍关于选举的科研, 以知情者身份披露美国大选鲜为人知的秘闻。
510 1  @aPresidents thus made@eelections in America@zeng
517 1  @a留美博士眼中的美国大选@Aliu mei bo shi yan zhong de mei guo da xuan
606 0  @a总统@x选举@y美国
690    @aD771.224@v5
701  0 @a张程@Azhang cheng@4著
701  0 @a乔晞华@Aqiao xi hua@4著
801  0 @aCN@b卓展宏图@c20150525
905    @dD771.224@e375@f4
    
    总统制造:留美博士眼中的美国大选= Presidents thus made:elections in America/张程, 乔晞华著.-北京:人民日报出版社,2014
    227页:图;21cm
    
    
    ISBN 978-7-5115-2124-8:CNY28.00
    本书作者张程、乔晞华以美国普通选民的经历讲述2012年美国大选, 以历史的眼光记述围绕选举的斗争, 以专家的视角介绍关于选举的科研, 以知情者身份披露美国大选鲜为人知的秘闻。
●
相关链接 在E读中查询图书 在五车中查询图书 在当当中查询图书 在豆瓣中查询图书


正题名:总统制造     索取号:D771.224/375         预约/预借

序号 登录号 条形码 馆藏地/架位号 状态 备注
1 854898   208548981   第一样本阅览室/ [索取号:D771.224/375] 在馆    
2 854899   208548990   第一借阅区/ [索取号:D771.224/375] 在馆    
3 854900   208549007   第一借阅区/ [索取号:D771.224/375] 在馆    
4 854901   208549016   密集书库-史法系/ [索取号:D771.224/375] 在馆    
唐山师范学院图书馆 欢迎您!
大连网信软件有限公司© 版权所有